000 00866nam a22002655a 4500
005 20161120102517.0
008 161101t2016 flua frb 001 0 eng d
020 _a9781482229394
040 _aEG-ScBUE
_beng
_cEG-ScBUE
_dEG-ScBUE
082 0 4 _a006.6
_bMAR
_222
100 1 _aMarschner, Steve.
245 1 0 _aFundamentals of computer graphics /
_bSteve Marschner, Peter Shirley ; with Michael Ashikhmin ... [et al.].
250 _a4th ed.
260 _aBoca Raton :
_bCRC Press / Taylor & Francis Group,
_cc.2016.
300 _axiii, 734 p. :
_bill. ;
_c25 cm.
500 _aIndex : p. 723-734.
504 _aBibliography : p. 701-721.
590 _aSuzan Ashmawy
650 7 _aComputer graphics.
_2BUEsh
651 _2BUEsh
653 _bCOMSCI
_cOctober2016
700 1 _aShirley, Peter.
700 1 _aAshikhmin, Michael,
_econtributor.
942 _2ddc
999 _c22963
_d22935